Souhrnný a podrobný přehled zbožových a výkonových náplní organizací zahraničního obchodu

Salvato in:
Dettagli Bibliografici
Natura: Libro
Lingua:ceco
Pubblicazione: Praha Československá obchodní a průmyslová komora 1981
Serie:Otázky obchodní techniky
Tags: Aggiungi Tag
Nessun Tag, puoi essere il primo ad aggiungerne!!

MARC

LEADER 00000nam a2200000 4500
001 c119111
005 20041019155213.3
041 0 |a cze 
044 |a CZ 
245 1 0 |a Souhrnný a podrobný přehled zbožových a výkonových náplní organizací zahraničního obchodu 
264 1 |a Praha  |b Československá obchodní a průmyslová komora  |c 1981 
300 |a 218 s. 
490 1 |a Otázky obchodní techniky 
830 0 |a Otázky obchodní techniky